书目信息 |
| 题名: |
成败之道
|
|
| 作者: | 杨东雄 主编 | |
| 分册: | ||
| 出版信息: | 北京 机械工业出版社 2005.3 |
|
| 页数: | 258页 | |
| 开本: | 24cm | |
| 丛书名: | 全球顶尖管理智囊丛书 | |
| 单 册: | ||
| 中图分类: | F270 | |
| 科图分类: | ||
| 主题词: | 企管管理--qi guan guan li | |
| 电子资源: | ||
| ISBN: | 7-111-15925-X | |
| 000 | 01142nam0 2200277 45 | |
| 001 | 012005000000 | |
| 005 | 20061012101709.25 | |
| 010 | @a7-111-15925-X@dCNY24.80 | |
| 100 | @a20050425d2005 em y0chiy0121 ea | |
| 101 | 0 | @achi |
| 102 | @aCN@b110000 | |
| 105 | @ay z 000yy | |
| 200 | 1 | @a成败之道@Acheng bai zhi dao@e20位哈佛教授的管理理念@d= Victory vs failure@f杨东雄主编@zeng |
| 210 | @a北京@c机械工业出版社@d2005.3 | |
| 215 | @a258页@d24cm | |
| 225 | 2 | @a全球顶尖管理智囊丛书@Aquan qiu ding jian guan li zhi nang cong shu |
| 330 | @a本书共分二部分,上部着重介绍了管理人员应具备的10个成功的管理理念,从而使管理人员的成功管理有了理论基础与支持,下部分熔20位哈佛大学教授的数十年研究心血于一炉,分析了所列举的成败实例。 | |
| 461 | 0 | @12001 @a全球顶尖管理智囊丛书 |
| 510 | 1 | @aVictory vs failure@zeng |
| 517 | 1 | @a20位哈佛教授的管理理念@A20 wei ha fo jiao shou de guan li li nian |
| 532 | 11 | @a二十位哈佛教授的管理理念@Aer shi wei ha fo jiao shou de guan li li nian |
| 606 | 0 | @a企管管理@Aqi guan guan li |
| 690 | @aF270@v4 | |
| 701 | 0 | @a杨东雄@Ayang dong xiong@4主编 |
| 801 | 0 | @aCN@c20061012 |
| 905 | @a10447@dF270@eY160 | |
| 成败之道:20位哈佛教授的管理理念= Victory vs failure/杨东雄主编.-北京:机械工业出版社,2005.3 |
| 258页;24cm.-(全球顶尖管理智囊丛书) |
| ISBN 7-111-15925-X:CNY24.80 |
| 本书共分二部分,上部着重介绍了管理人员应具备的10个成功的管理理念,从而使管理人员的成功管理有了理论基础与支持,下部分熔20位哈佛大学教授的数十年研究心血于一炉,分析了所列举的成败实例。 |
| ● |
| 相关链接 |
|
|
|
正题名:成败之道
索取号:F270/Y160
 
预约/预借
| 序号 | 登录号 | 条形码 | 馆藏地/架位号 | 状态 | 备注 |
| 1 | 549522 | 205495221 | 社科库409/409社科库 85排2列5层/ [索取号:F270/Y160] | 在馆 | |
| 2 | 549523 | 205495230 | 社科库409/409社科库 85排2列5层/ [索取号:F270/Y160] | 在馆 | |
| 3 | 549524 | 205495249 | 社科库409/409社科库 85排2列5层/ [索取号:F270/Y160] | 在馆 |